000 00644nam a22002057a 4500
999 _c168562
_d168562
005 20191015142553.0
010 _aENG-126661
020 _a9789353163303
_c645.00
035 _aEN-110193
037 _bDBAD/PUB
082 _a005.82
100 _aKahate, Atul
245 _aCryptography and network security /
_cby Atul Kahate
250 _a4th ed.
260 _aChennai
_bMcGraw Hill Education
_c2019
270 _a444/1, Sri Ekambara Naicker Industrial Estate
_bAlapakkam, Porur, Chenai
_e600116
300 _axxvii,456p.
_c24cm(pbk)
500 _aIncludes references index and index
942 _2ddc
_cEN
_h005.82
_mKAH